Downtown : English for work and life : Teacher's edition

Downtown is a four-level, integrated skills series designed to give adult learners the comprehensive language skills needed for success in everyday life. With Downtown's traditional grammar sequence and solid coverage of Federal, State, and local standards, teaching to the standards has never b...

पूर्ण विवरण

में बचाया:
ग्रंथसूची विवरण
मुख्य लेखक: McBride, Edward J.
स्वरूप: पुस्तक
भाषा:Undetermined
प्रकाशित: Boston, MA. Thomson/Heinle 2006
विषय:
टैग : टैग जोड़ें
कोई टैग नहीं, इस रिकॉर्ड को टैग करने वाले पहले व्यक्ति बनें!
Thư viện lưu trữ: Trung tâm Học liệu Trường Đại học Cần Thơ
LEADER 00960nam a2200241Ia 4500
001 CTU_124032
008 210402s9999 xx 000 0 und d
020 |c 174000 
082 |a 428.24 
082 |b M119 
100 |a McBride, Edward J. 
245 0 |a Downtown : 
245 0 |b English for work and life : Teacher's edition 
245 0 |c Edward J. McBride, Amy Lawler 
260 |a Boston, MA. 
260 |b Thomson/Heinle 
260 |c 2006 
520 |a Downtown is a four-level, integrated skills series designed to give adult learners the comprehensive language skills needed for success in everyday life. With Downtown's traditional grammar sequence and solid coverage of Federal, State, and local standards, teaching to the standards has never been easier. 
650 |a English language 
650 |x For foreigners 
904 |i Minh 
910 |a Sách kèm CD số: AV.000768 
980 |a Trung tâm Học liệu Trường Đại học Cần Thơ